Comó programar en C# (Registro nro. 3495)
[ vista simple ]
| 000 -CABECERA | |
|---|---|
| campo de control de longitud fija | 01243aam a2200373 4500 |
| 005 - FECHA Y HORA DE ACTUALIZACIÓN | |
| campo de control | 20230628175008.0 |
| 008 - LONGITUD FIJA | |
| campo de control de longitud fija | 150302b2007 xxu||||| |||| 00| 0 ES d |
| 041 ## - IDIOMA | |
| Código de idioma del texto/pista de sonido o título separado | Español |
| 082 ## - CLASIFICACIÓN DECIMAL DEWEY | |
| Número de clasificación | 005.133 D325c2 |
| 100 ## - AUTOR PERSONAL | |
| Nombre de persona | Deitel, Harvey M. |
| 100 ## - AUTOR PERSONAL | |
| Nombre de persona | Deitel, Paul J. |
| 245 ## - TÍTULO PROPIAMENTE DICHO | |
| Título | Comó programar en C# |
| 250 ## - EDICIÓN | |
| Mención de edición | 2 edición |
| 260 ## - PIE DE IMPRENTA | |
| Lugar de publicación, distribución, etc. | México |
| Nombre del editor, distribuidor, etc. | Pearson Educación |
| Fecha de publicación, distribución, etc. | 2007 |
| 300 ## - DESCRIPCIÓN FÍSICA | |
| Extensión | 1080 páginas |
| 505 ## - Nota de Contenido | |
| Nota de contenido | Contiene disco compacto N° 416 |
| 505 ## - Nota de Contenido | |
| Nota de contenido | Disco compacto contiene archivos en formato PDF con los apéndices del libro; guía para programar en C#, 2/E, totalmente en español y el código utilizado en los ejemplos del libro. |
| 650 ## - Materia General | |
| Materia general | LENGUAJES DE PROGRAMACIÓN |
| 650 ## - Materia General | |
| Materia general | C# |
| 650 ## - Materia General | |
| Materia general | VISUAL C# 2005 |
| 650 ## - Materia General | |
| Materia general | CLASES |
| 650 ## - Materia General | |
| Materia general | CONTROL |
| 650 ## - Materia General | |
| Materia general | ARREGLOS |
| 650 ## - Materia General | |
| Materia general | PROGRAMACIÓN ORIENTADA A OBJETOS |
| 650 ## - Materia General | |
| Materia general | POLIMORFISMO |
| 650 ## - Materia General | |
| Materia general | INTERFACES |
| 650 ## - Materia General | |
| Materia general | ARCHIVOS |
| 650 ## - Materia General | |
| Materia general | GRÁFICOS |
| 650 ## - Materia General | |
| Materia general | BASES DE DATOS |
| 650 ## - Materia General | |
| Materia general | ACTIVE SERVER PAGES.NET |
| 650 ## - Materia General | |
| Materia general | SERVICIOS WEB |
| 650 ## - Materia General | |
| Materia general | ESTRUCTURA DE DATOS |
| 942 ## - Punto de Acceso Adicional Koha | |
| Tipo de ítem Koha | Libro |
| Estado perdido | Estado dañado | No para préstamo | Biblioteca permanente | Biblioteca actual | Signatura completa | Código de barras | Precio efectivo a partir del | Tipo de ítem |
|---|---|---|---|---|---|---|---|---|
| Departamento de Biblioteca y Documentación Alfonso Chase Brenes | Departamento de Biblioteca y Documentación Alfonso Chase Brenes | 005.133 D325c2 | 12561 | 26/02/2016 | Libro | |||
| Departamento de Biblioteca y Documentación Alfonso Chase Brenes | Departamento de Biblioteca y Documentación Alfonso Chase Brenes | 005.133 D325c2 | 12562 | 26/02/2016 | Libro | |||
| Departamento de Biblioteca y Documentación Alfonso Chase Brenes | Departamento de Biblioteca y Documentación Alfonso Chase Brenes | 005.133 D325c2 | 12563 | 26/02/2016 | Libro | |||
| Departamento de Biblioteca y Documentación Alfonso Chase Brenes | Departamento de Biblioteca y Documentación Alfonso Chase Brenes | 005.133 D325c2 | 17999 | 26/02/2016 | Libro | |||
| Departamento de Biblioteca y Documentación Alfonso Chase Brenes | Departamento de Biblioteca y Documentación Alfonso Chase Brenes | 005.133 D325c2 | 18000 | 26/02/2016 | Libro | |||
| Departamento de Biblioteca y Documentación Alfonso Chase Brenes | Departamento de Biblioteca y Documentación Alfonso Chase Brenes | 005.133 D325c2 | 416ADC | 15/10/2019 | Disco Compacto | |||
| Departamento de Biblioteca y Documentación Alfonso Chase Brenes | Departamento de Biblioteca y Documentación Alfonso Chase Brenes | 005.133 D325c2 | 416BDC | 15/10/2019 | Disco Compacto | |||
| Departamento de Biblioteca y Documentación Alfonso Chase Brenes | Departamento de Biblioteca y Documentación Alfonso Chase Brenes | 005.133 D325c2 | 416CDC | 15/10/2019 | Disco Compacto | |||
| Departamento de Biblioteca y Documentación Alfonso Chase Brenes | Departamento de Biblioteca y Documentación Alfonso Chase Brenes | 005.133 D325c2 | 416DDC | 15/10/2019 | Disco Compacto | |||
| Departamento de Biblioteca y Documentación Alfonso Chase Brenes | Departamento de Biblioteca y Documentación Alfonso Chase Brenes | 005.133 D325c2 | 416EDC | 15/10/2019 | Disco Compacto |